Sous-Préfectures françaises au scrabble - Statistiques

Statistiques générales
  • Ce quiz a été pris 54 fois
  • Le résultat moyen est 9 sur 18
Statistiques - réponses
Points Sous-Préfectures Indice géographique % Correct
29 Aix-en-Provence / Yssingeaux / Cherbourg-en-Cotentin / Saint-Jean-de-Maurienne Saint-Germain-en-Laye PACA / Auvergne / Normandie / Rhône-Alpes /IDF
76%
26 Bayeux / Segré-en-Anjou Bleu / Dunkerque /Boulogne-Billancourt Normandie / Pays de la Loire / NPDC /IDF
71%
21 Saint-Nazaire / Saint-Dizier / Pontivy / Saint-Laurent-du-Maroni Pays de la Loire / Champagne / Bretagne / DOM-TOM
71%
19 Saint-Quentin / Vierzon / Lesparre-Médoc / Chalon-sur-Saône / Thonon-les-Bains / Les Sables-d'Olonne / Châtellerault / Neufchâteau Picardie / Centre / Aquitaine /Bourgogne / Lorraine
Rhône-Alpes / Pays de la Loire / Poitou
69%
23 Forcalquier / Brive-la-Gaillarde / Commercy / Château-Chinon / Avesnes-sur-Helpe / Bagnères-de-Bigorre / Parthenay / Saint-Dié-des-Vosges PACA / Limousin / NPDC Lorraine (2) / Bourgogne / Poitou /
Midi-Pyrénées
67%
31 Château-Thierry / Villefranche-sur-Saône Picardie / Rhône-Alpes
59%
22 Vichy / Saint-Amand-Montrond / Villeneuve-sur-Lot / Cosne-Cours-sur-Loire / Altkirch / Rochechouart Auvergne / Centre / Aquitaine / Bourgogne / Alsace / Limousin
55%
40 Château-Gontier-sur-Mayenne Pays de la Loire
53%
20 Vouziers / Les Andelys / Châteaubriant /Clamecy / Mantes-la-Jolie Champagne / Normandie / Pays de la Loire /Bourgogne / IDF
53%
34 Saint-Jean-d'Angély Poitou-Charentes
49%
33 Vitry-le-François Champagne
49%
30 Fontenay-le-Comte Pays de la Loire
45%
18 Tournon-sur-Rhône / Béziers / Pithiviers / Épernay / Oloron-Sainte-Marie
Boulogne-sur-Mer / Bayonne
Fontainebleau
Rhône-Alpes / Languedoc /Centre / Champagne / NPDC Aquitaine (2) / IDF
45%
24 Jonzac / Argelès-Gazost / L'Haÿ-les-Roses Poitou-Charentes / Midi-Pyrénées / IDF
41%
35 Villefranche-de-Rouergue Midi-Pyrénées
41%
32 Romorantin-Lanthenay / Saint-Julien-en-Genevois Centre / Rhône-Alpes
35%
25 Val de Briey / Mortagne-au-Perche Lorraine / Normandie
35%
27 Florac Trois Rivières Languedoc
29%
Aucun quiz correspondant
Distribution des résultats
% des personnes avec chaque résultat
Percentile par nombre de réponses
Votre historique - résultats
Vous n’avez pas pris ce quiz